Biblioteca

Till Armageddon : a perspective on suffering (Registro nro. 36059)

Detalles MARC
000 -LÍDER
Campo fijo de descripción fija 01409nam a2200301 i 4500
001 - NÚMERO DE CONTROL
Campo de control 768714001
003 - IDENTIFICADOR DEL NÚMERO DE CONTROL
Campo de control CO-MdFUSB
005 - FECHA Y HORA DE LA ULTIMA TRANSACCIÓN
control field 20241204171002.0
007 - CAMPO FIJO DE DESCRIPCIÓN FIJA--INFORMACIÓN GENERAL
Campo fijo de descripción fija ta
008 - ELEMENTOS DE LONGITUD FIJA -- INFORMACIÓN GENERAL
Campo fijo de descripción fija -- Información general 241204t1981 -us||||| |||| 001 0deng d
020 ## - NÚMERO INTERNACIONAL NORMALIZADO PARA LIBROS
Número Internacional Normalizado del libro 0-89066-033-6
040 ## - FUENTE DE CATALOGACIÓN
Agencia de catalogación original CO-MdFUSB
Idioma de catalogación eng
Agencia que realiza la transcripción CO-MdFUSB
Agencia que realiza la modificación CO-MdFUSB
Convenciones de la descripción rda
041 0# - CÓDIGO DE IDIOMA
Código de idioma para texto/pista de sonido o título separado eng
082 04 - NÚMERO DE CLASIFICACIÓN DECIMAL DEWEY
Número de clasificación 236.6
Número de la edición del Dewey 23
Clave de autor-Numero de item G7381t
100 1# - ASIENTO PRINCIPAL--NOMBRE PERSONAL
Nombre personal Graham, Billy (1918-)
Término relacionador autor
245 10 - TÍTULO
Título del Material Till Armageddon : a perspective on suffering
Mención de responsabilidad, etc. / Billy Graham
264 #1 - PRODUCCIÓN, PUBLICACIÓN, DISTRIBUCIÓN, MANUFACTURA, Y COPYRIGHT
Nombre del productor, publicador, distribuidor World Wide Publications,
Lugar de producción, publicación, distribución, manufactura Estados Unidos
Fecha de producción, publicación, distribución, manufactura, o copyright [1981]
264 #4 - PRODUCCIÓN, PUBLICACIÓN, DISTRIBUCIÓN, MANUFACTURA, Y COPYRIGHT
Fecha de producción, publicación, distribución, manufactura, o copyright ©1981
300 ## - DESCRIPCIÓN FÍSICA
Extensión 224 Páginas
Dimensiones 20 cm
336 ## - TIPO DE CONTENIDO
Término de tipo de contenido texto
Código de tipo de contenido txt
Fuente rdacontent
337 ## - TIPO DE MEDIO
Fuente rdamedia
Nombre del tipo de medio sin mediación
Código del tipo de medio n
338 ## - TIPO DE SOPORTE
Fuente rdacarrier
Nombre del tipo de soporte volumen
Código Tipo de soporte nc
505 ## - NOTA DE CONTENIDO
Título Se cierra la tormenta. -- Armagedones personales. -- ¿Quién está a cargo de un mundo que sufre? -- El nacimiento de un mundo sufriente. -- El sufrimiento salvador. -- ¿Por que no están exceptuados los cristianos? -- El sufrimiento preanunciado. -- Sufrimientos sutiles. -- Sobreponernos a las circunstancias. ¿Qué hacer con mi dolor? -- El papel de la oración en el sufrimiento. -- Promesas para los que sufren. -- como prepararnos para el sufrimiento. -- Como ayudar a los que sufren. -- La muerte y como encararla. -- Después de Armagedón: La gloria que nos espera.
563 ## - NOTA DE ENCUADERNACIÓN
Nota de encuadernación rustico
650 #7 - ASIENTO SECUNDARIO DE MATERIA - TERMINO TEMÁTICO
Término temático o nombre geográfico como elemento de entrada Sufrimiento
9 (RLIN) 281
942 ## - TIPO DE MATERIAL (KOHA)
Tipo de Item KOHA Libros General
945 ## - INFORMACIÓN LOCAL DEL REGISTRO
Catalogador Luz Peña
Existencias
Estado de Material Estado de Perdido Estado de Dañado No para Préstamo Colección Tomo Biblioteca de Origen Biblioteca Permanente Fecha de Adquisición Total de Préstamos Signatura Topográfica Código de Barras Última vez visto Ejemplar/Existencia Fecha de Remplazo Tipo de Material
        Colección General   Biblioteca FUSBC Biblioteca FUSBC 16/12/2004   G 236.6 G7381t 12888 12/12/2019 1 26/01/2016 Libros General

Biblioteca FUSBC | Teléfono: (57+4) 349 88 10 Ext. 141| WhatsApp (+57) 3005338115 
E-mail: biblioteca@unisbc.edu.co | Calle 76 87-14 Robledo Palenque, Medellín, Colombia

Con tecnología Koha